000
00373nam a2200169Ia 4500
003
0STCL
008
150530s9999 xx 000 0 und d
040
_a
STCL
_c
STCL
100
_a
Venkataraman, G.
245
_a
Chandra sekhar and his limit
250
_a
First
260
_c
1992
546
_a
English
942
_2
ddc
_c
BK
999
_c
32134
_d
32134
005
20220125170236.0